Italy WORLD CUP 2010 Squad - Statistics

General Stats
  • This quiz has been taken 84 times
  • The average score is 14 of 24
Answer Stats
Player Club % Correct
Gianluigi Buffon Juventus
100%
Giorgio Chiellini Juventus
93%
Andrea Pirlo Milan
90%
Leonardo Bonucci Bari
89%
Daniele De Rossi Roma
83%
Antonio Di Natale Udinese
80%
Gennaro Gattuso Milan
79%
Fabio Quagliarella Napoli
67%
Claudio Marchisio Juventus
64%
Fabio Cannavaro Juventus
63%
Gianluca Zambrotta Milan
61%
Alberto Gilardino Fiorentina
54%
Mauro Camoranesi Juventus
53%
Morgan De Sanctis Napoli
51%
Riccardo Montolivo Fiorentina
51%
Federico Marchetti Cagliari
50%
Vincenzo Iaquinta Juventus
49%
Marcello Lippi
47%
Domenico Criscito Genoa
40%
Simone Pepe Udinese
39%
Christian Maggio Napoli
37%
Giampaolo Pazzini Sampdoria
33%
Angelo Palombo Sampdoria
24%
Salvatore Bocchetti Genoa
14%
No matching quizzes found
Score Distribution
Percent of People with Each Score
Percentile by Number Answered
Your Score History
You have not taken this quiz